00575nam a2200193 a 4500001001300000003000900013005001700022008004100039020002300080082001700103100002700120245007900147260004400226300000900270500003500279505002200314650001800336700002700354nice12345678IN_TiNIC20260116014610.0050804s2004 lona grp 000 0 eng  a0195156641 c34500a294.535bWAG aWaghorne, Joanne Punzo aDiaspora of the Godsb Modern Hindu Temples in an Urban Middle Class World aLondan bOxford University Press c2004 a292p aincludes index and biblioraphy2 areferences, index aTemples-Hindu1 aWaghorne, Joanne Punzo